| 000 | 00579nam a22002052 4500 | ||
|---|---|---|---|
| 001 | 0000001025 | ||
| 005 | 20151217155807.0 | ||
| 008 | 070223s xx 000 0 eng d | ||
| 020 |
_a996685570X : _cKES 240 |
||
| 040 |
_aKABU _cKABU |
||
| 050 | 0 |
_aBV25 _b.M59 |
|
| 100 | 1 |
_aMiya, Florence. _@0000149520 |
|
| 245 | 1 | 0 |
_aBuilding effective worship teams / _cFlorence Miya. |
| 260 |
_aNairobi : _bUzima, _c2002. |
||
| 300 | _aii, 85 p. | ||
| 650 | 0 |
_aWorship (Christian) _@0000149521 |
|
| 908 | _a070223 | ||
| 950 | _@1 | ||
| 999 |
_c12487 _d12487 |
||